000 00376nam a2200157 a 4500
005 20131010142620.0
008 960221s1955 dcuabcdjdbkoqu001 0deng d
100 _aJohnston, Chris
245 _aApplying modula-2
260 _aSan Diego
_bAcademic Press
_c1991
300 _axv, 410p.
500 _a
653 _aComputer science
_amodula-2
942 _cBK
003 ViArRB
999 _c18653
_d18652